Žalostná Pjseň gedné staré Panny která nemagjc sstěstj, od Pána Farára Muža žádá

Bibliographic Details
Corporate Author: Škarnicel, Jozef (Skalica, Slovensko) (Printer)
Other Authors: Škarnicel, Jozef, 1804-1877 (Printer)
Format: Book
Language:Slovak
PhysicalDescription:[8] s. 11 cm
Published: W Skalicy v Fr. X. Škarnycla Sinů 1866
Subjects:

MARC

LEADER 00000cam a2200000 a 4500
001 vtls011753204
003 SK-MaSNL
005 20260301142221.0
008 210701s1866 xo a 000n0 slo
015 |a SNBHFA1866 
035 |a urn:nbn:sk:snk-am3hkfo 
035 |a F1054AE2-5A41-4FF6-A484-059E0E9EA631 
035 |a urn:nbn:sk:snk-am00d3ii 
035 |a 4528867A-DADB-47AC-B15C-783C37B019AC 
035 |a urn:nbn:sk:snk-am00d3iw 
040 |a SNKHF  |b slo  |c SNK  |e AACR2 
041 0 |a slo 
044 |a xo  |c SK 
072 7 |a 09  |x Rukopisy, prvotlače, staré tlače. Vzácne a pozoruhodné diela  |2 konspekt 
080 |a 098:398.51  |2 1981 
130 0 |a Žalostná  |9 497466 
245 1 0 |a Žalostná Pjseň gedné staré Panny  |b která nemagjc sstěstj, od Pána Farára Muža žádá 
260 |a W Skalicy  |b v Fr. X. Škarnycla Sinů  |c 1866 
300 |a [8] s.  |c 11 cm 
500 |a Titulná strana s drevorezom 
501 |a Prív. 7. k: Nařjkánj Milownjka. Nowý Zpěw. W Skalicy : v F. X. Skarnycla Synů, 1866.  |5 SNK SE 146/1-23/prív.7 
501 |a Prív. 20. k: Nařjkánj Milownjka. Nowý Zpěw. W Skalicy : v F. X. Skarnycla Synů, 1866.  |5 SNK SE 146/1-23/prív.20 
546 |a Slovenčina  |b Fraktúra 
650 0 7 |a jarmočné tlače  |2 SNKPH  |9 256383 
655 7 |a staré tlače  |2 SNKPH  |9 69193 
700 1 |a Škarnicel, Jozef,  |d 1804-1877  |4 prt  |9 169168 
710 0 |a Škarnicel, Jozef (Skalica, Slovensko)  |4 prt  |9 271317 
752 |a Slovensko  |d Skalica 
958 |a ONDV 
999 |c 769553  |d 771483 
952 |a SNK  |b SNK  |y PREZ  |7 0  |p 17A1300608  |o snkSE 146/1-23/prív.7  |i snk4852/28  |0 0  |1 0  |4 0  |d 2018-04-25  |f 1  |l 0  |r 2026-02-24 00:30:57  |w 2026-02-24 
952 |a SNK  |b SNK  |y PREZ  |7 0  |p 17A1300635  |o snkSE 146/1-23/prív.20  |i snk4865/28  |0 0  |1 0  |4 0  |d 2018-04-26  |f 1  |l 0  |r 2026-02-24 00:30:57  |w 2026-02-24